Central Library OPAC University of Rajshahi

Sears list of subject headings / (Record no. 1494)

MARC details
000 -LEADER
fixed length control field 00865nam a2200289 a 4500
001 - CONTROL NUMBER
control field 1494
003 - CONTROL NUMBER IDENTIFIER
rucl marc code BD-RjUL
005 - DATE AND TIME OF LATEST TRANSACTION
control field 20211208233340.0
008 - FIXED-LENGTH DATA ELEMENTS--GENERAL INFORMATION
fixed length control field 860313s1986 nyu b 000 0 eng
020 ## - INTERNATIONAL STANDARD BOOK NUMBER
International Standard Book Number 0824207300
035 ## - SYSTEM CONTROL NUMBER
System control number (BD-RjUL)1517
040 ## - CATALOGING SOURCE
Original cataloging agency LC
Language of cataloging eng
Transcribing agency LC
Modifying agency NUN
-- BD-RjUL
041 ## - LANGUAGE CODE
Language code of text/sound track or separate title eng
082 04 - DEWEY DECIMAL CLASSIFICATION NUMBER
Classification number 025.49
Edition number 23
Author mark and year SES 1986
100 1# - MAIN ENTRY--PERSONAL NAME
Personal name Sears, Minnie Earl
Dates associated with a name 1873-1933.
9 (RLIN) 4416
245 10 - TITLE STATEMENT
Title Sears list of subject headings /
Statement of responsibility, etc. Minnie Earl Sears ; ed by Carmen Rovira, Caroline Reyes
246 3# - VARYING FORM OF TITLE
Title proper/short title List of subject headings
250 ## - EDITION STATEMENT
Edition statement 13th ed.
260 ## - PUBLICATION, DISTRIBUTION, ETC. (IMPRINT)
Place of publication, distribution, etc. New York :
Name of publisher, distributor, etc. Wilson,
Date of publication, distribution, etc. 1986.
300 ## - PHYSICAL DESCRIPTION
Pagination xl, 681 p. ;
Size 26 cm.
504 ## - BIBLIOGRAPHY, ETC. NOTE
Bibliography, etc Bibliography: p. xxxi-xxxiii.
650 #0 - SUBJECT ADDED ENTRY--TOPICAL TERM
Topical term or geographic name as entry element Subject headings.
9 (RLIN) 1585
700 1# - ADDED ENTRY--PERSONAL NAME
Personal name Rovira, Carmen. ed.
Personal name Reyes, Caroline, jt. ed.
942 ## - ADDED ENTRY ELEMENTS (KOHA)
Source of classification or shelving scheme Dewey Decimal Classification
Koha item type Books
Holdings
Lost status Source of classification or shelving scheme Damaged status Not for loan Collection code Permanent Location Current Location Shelving location Date acquired Total Checkouts Full call number Date last seen Copy number Koha item type Source of acquisition
  Dewey Decimal Classification   Not For Loan Non-fiction Central Library, University of Rajshahi Central Library, University of Rajshahi Reading Room 09/06/1988   025.49 SES 1986 25/11/2013 C-1 Books  
  Dewey Decimal Classification     Non-fiction Central Library, University of Rajshahi Central Library, University of Rajshahi   01/08/2018   025.49 SES 1986 01/08/2018 C-2 Books R. U. L., Photocopy